00873nam a2200193 a 450000100100000000500170001000800410002702000150006804000250008308200240010811000550013224501610018724601190034826000960046730000330056365000220059665000280061865000330064600002081520250401130908.0100818s2005 xxud 000 0 spa d a8484762580 aDO-SdBNPbspacBNPHU a303.44bP964i, 20052 aPrograma de las Naciones Unidas para el Desarrollo10aInforme sobre desarrollo humano 2005 :bla cooperacion internacional ante una encrucijada: ayuda al desarrollo, comercio y seguridad en un mundo desigual /.23aLa cooperacion internacional ante una encrucijada:bayuda al desarrollo, comercio y seguridad en un mundo desigual aNew York :bPrograma de las Naciones Unidas para el Desarrollo:bGrupo Mundi-Prensa,c2005. axvi, 402 p. :bil. ;c28 cm. 4aDesarrollo humano 0aComercio internacional  0aCooperación internacional